000 00346nam a22001577a 4500
020 _a9812-53-050-9
041 _aENG
100 _aTruett.L.J
245 _aManagerial Economics
250 _aEighth Edition
260 _aKundli
_bJohn Wiley & Sone
_c2004
300 _a742
650 _aM.Tech
700 _aTruett.D.B
856 _uM.Tech ( 7 )
999 _c1056
_d1056